000 00618nam a2200181 4500
008 171123b xxu||||| |||| 00| 0 eng d
020 _a9710503227
082 _21982
_aDC 658.5
_bM45
100 _923642
_aMayer, Raymond R.,author.
245 _aProduction and operations management /
_c Raymond R. Mayer.
250 _aFourth edition
260 _aNew York :
_bMcGraw-Hill,
_c©1982.
300 _axvii, 654 pages :
_bcolored illustration;
_c 24 cm
440 _923643
_aMcGraw-Hill series in management
500 _aIncludes bibliographies and index.
650 0 _923646
_aProduction management.
942 _2ddc
_cDC
999 _c7820
_d7820